[Event "TUR Cup										"]
[Site "Antalya"]
[Date "2018.01.30"]
[Round "6"]
[White "Durmus, Kenan"]
[Black "Toy, Selim"]
[Result "1-0"]
[WhiteElo "1591"]
[BlackElo "1442"]
[PlyCount "67"]
[EventDate "2018.01.27"]
[EventType "swiss"]
[EventRounds "11"]
[EventCountry "TUR"]
[SourceTitle "CBM 182 Extra"]
[Source "ChessBase"]
[SourceDate "2018.02.23"]
[SourceVersion "1"]
[SourceVersionDate "2018.02.23"]
[SourceQuality "1"]

1. d4 Nf6 2. Nf3 e6 3. Bf4 d5 4. e3 Bb4+ 5. c3 Be7 6. Bd3 0-0 7. 0-0 Nh5 8. Bg3 Nxg3 9. hxg3 Nd7 10. Nbd2 c5 11. Rc1 b6 12. Qc2 g6 13. e4 c4 14. Be2 Bb7 15. exd5 exd5 16. Rfe1 Re8 17. Bd1 Bf8 18. Re2 Nf6 19. Rxe8 Qxe8 20. Ne5 Bh6 21. Bf3 Ne4 22. Bxe4 dxe4 23. Nexc4 Qc6 24. Ne3 Qc7 25. Re1 Rf8 26. Nxe4 f5 27. Qb3+ Kg7 28. Nd2 Re8 29. Nxf5+ gxf5 30. Rxe8 Qc6 31. Qg8+ Kf6 32. Nf3 Qd7 33. Rd8 Qe7 34. Ne5 1-0

[Event "TUR Cup										"]
[Site "Antalya"]
[Date "2018.01.28"]
[Round "2"]
[White "Toy, Selim"]
[Black "Dorum, Doga Can"]
[Result "0-1"]
[WhiteElo "1442"]
[BlackElo "1591"]
[PlyCount "82"]
[EventDate "2018.01.27"]
[EventType "swiss"]
[EventRounds "11"]
[EventCountry "TUR"]
[SourceTitle "CBM 182 Extra"]
[Source "ChessBase"]
[SourceDate "2018.02.23"]
[SourceVersion "1"]
[SourceVersionDate "2018.02.23"]
[SourceQuality "1"]

1. e4 d6 2. d4 Nf6 3. Nc3 g6 4. Nf3 Bg7 5. Be3 0-0 6. Qd2 Ng4 7. 0-0-0 Nxe3 8. Qxe3 c6 9. Be2 b5 10. d5 b4 11. Na4 Qa5 12. b3 Bd7 13. Nd2 cxd5 14. exd5 Bxa4 15. Nc4 Qc7 16. bxa4 Nd7 17. Nd2 Rfc8 18. Bc4 Nb6 19. Bb3 Nxd5 20. Qf3 e6 21. Ne4 Nc3 22. Nxd6 Nxa2+ 23. Kb1 Nc3+ 24. Kc1 Bh6+ 25. Kb2 Nxd1+ 26. Rxd1 Qc3+ 27. Qxc3 bxc3+ 28. Ka2 Rd8 29. Rd3 Bf8 30. Ne4 Rxd3 31. cxd3 Rb8 32. Nxc3 Bd6 33. Ne4 Bxh2 34. g3 Bg1 35. Ka3 Rxb3+ 36. Kxb3 f5 37. f3 fxe4 38. fxe4 Kf7 39. Kc4 h5 40. d4 Bf2 41. d5 exd5+ 0-1